000 00750nam a2200217Ii 4500
003 JO-AjNU
008 230606s9999||||xx |||||||||||||| ||und||
020 _a978-0-521-5396-6
040 _aJO-AjNU
_beng
_erda
_cJO-AjNU
041 _aeng
050 1 4 _aPE1128.A2.A536 2006
100 3 _aAnderson,Kenneth تأليف;Joan Maclean م.مشارك;Tony,Lynch م.مشارك,
_eauthor
_92150
245 0 0 _aSpeaking:Acorse in spoken English for academic puposes
250 _a2 ed
264 3 1 _aNew York:Cambridge University Press,2006
300 _a224p
336 _atext
_btxt
_2rdacontent
337 _aunmediated
_bn
_2rdamedia
338 _avolume
_bnc
_2rdacarrier
650 4 _aSpeaking-Acorse in spoken English for academic puposes-English
_92151
999 _aE1128
_c1128
_d1128